000 00442nam a2200181Ia 4500
001 2599
005 20260306144819.0
008 260306t2012||||xx |||||||||||||| ||spa||
041 _aESP
082 _a616.8982
_bM26
100 _aMartos, Juan
_eAUT
245 0 _aEl síndrome de asperger:
_bevaluación y tratamiento
260 _c2012
300 _a289 páginas :
_c23 cm.
650 _aGEN
654 _aCPS
942 _cLIB
_dJUS
_fJUS
_2ddc
_n
999 _c2599
_d2599